000 00382nam a2200145Ia 4500
008 100122s9999 xx 000 0 und d
082 _b21478
_a823.08
100 _aगाडगीळ बाळ
245 _aफिरकी
260 _bमेनका प्रकाशन
_c1975
300 _a147
630 _aफिरकी
730 _aफिरकी
942 _cBOOK
999 _c409493
_d409490